书目信息 |
| 题名: |
高考秘典
|
|
| 作者: | 廖其发 , 绍伟 主编 | |
| 分册: | ||
| 出版信息: | 重庆 西南师范大学出版社 2000 |
|
| 页数: | 191页 | |
| 开本: | 21cm | |
| 丛书名: | ||
| 单 册: | ||
| 中图分类: | G639.21 , G634 | |
| 科图分类: | ||
| 主题词: | 基础教育--教育改革--研究--重庆 | |
| 电子资源: | ||
| ISBN: | 7-5621-2352-7 | |
| 000 | 00859n|m0 2200253 450 | |
| 001 | 1555720002 | |
| 005 | 20151110141355.47 | |
| 010 | @a7-5621-2352-7@dCNY14.00 | |
| 100 | @a20060426d2000 em y0chiy50 ea | |
| 101 | 0 | @achi |
| 102 | @aCN@b500000 | |
| 105 | @ay z 000yy | |
| 200 | 1 | @a高考秘典@Agao kao mi dian@9da zao xi bu ji chu jiao yu xin gao di@e化学@f绍伟主编@Fshao wei zhu bian |
| 210 | @a重庆@c西南师范大学出版社@d2000@h2006印 | |
| 215 | @a191页@d21cm | |
| 330 | @a本书内容包括:重庆市基础教育改革与发展的基本思路、重庆市基础教育地位研究、重庆市基础教育人事管理体制研究等。 | |
| 517 | 1 | @a化学@Ahua xue |
| 606 | 0 | @a基础教育@x教育改革@x研究@y重庆 |
| 690 | @aG639.21@v5 | |
| 690 | @aG634@v4 | |
| 701 | 0 | @a廖其发@9liao qi fa@f(1952.1~)@4主编 |
| 701 | 0 | @a绍伟@Ashao wei@4主编 |
| 801 | 0 | @aCN@bTSSF@c20150118 |
| 905 | @aZUCC@dG634@eJY51 | |
| 高考秘典:化学/绍伟主编.-重庆:西南师范大学出版社,2000(2006印) |
| 191页;21cm |
| ISBN 7-5621-2352-7:CNY14.00 |
| 本书内容包括:重庆市基础教育改革与发展的基本思路、重庆市基础教育地位研究、重庆市基础教育人事管理体制研究等。 |
| ● |
| 相关链接 |
|
|
|
|
正题名:高考秘典
索取号:G634/JY51
 
预约/预借
| 序号 | 登录号 | 条形码 | 馆藏地/架位号 | 状态 | 备注 |
| 1 | 7848039 | 278480396 | 学院路分馆/ [索取号:G634/JY51] | 在馆 |